Small non-coding RNAs : (Record no. 23498)

MARC details
000 -LEADER
fixed length control field 01086cam a2200325 i 4500
001 - CONTROL NUMBER
control field 18820179
003 - CONTROL NUMBER IDENTIFIER
control field EG-ScBUE
005 - DATE AND TIME OF LATEST TRANSACTION
control field 20260421112935.0
008 - FIXED-LENGTH DATA ELEMENTS--GENERAL INFORMATION
fixed length control field 151016t2015 nyua f b 001 0 eng d
020 ## - INTERNATIONAL STANDARD BOOK NUMBER
International Standard Book Number 9781493925469
020 ## - INTERNATIONAL STANDARD BOOK NUMBER
International Standard Book Number 1493925466
040 ## - CATALOGING SOURCE
Original cataloging agency NLM
Language of cataloging eng
Description conventions rda
Transcribing agency NLM
Modifying agency YDXCP
-- BTCTA
-- HNK
-- IDL
-- OCLCF
-- OCLCO
-- OCL
-- DLC
-- EG-ScBUE
082 04 - DEWEY DECIMAL CLASSIFICATION NUMBER
Classification number 572.88
Edition number 22
Item number SMA
245 00 - TITLE STATEMENT
Title Small non-coding RNAs :
Remainder of title methods and protocols /
Statement of responsibility, etc edited by Mathieu Rederstorff.
264 #1 - PUBLICATION, DISTRIBUTION, ETC. (IMPRINT)
Place of publication, distribution, etc New York :
Name of publisher, distributor, etc Humana Press,
Date of publication, distribution, etc [2015]
264 #4 - PUBLICATION, DISTRIBUTION, ETC. (IMPRINT)
Date of publication, distribution, etc c2015
300 ## - PHYSICAL DESCRIPTION
Extent xi, 238 pages :
Other physical details illustrations ;
Dimensions 26 cm.
336 ## - CONTENT TYPE
Source rdacontent
Content type term text
Content type code txt
337 ## - MEDIA TYPE
Media type term unmediated
Source rdamedia
Media type code n
338 ## - CARRIER TYPE
Carrier type term volume
Carrier type code nc
Source rdacarrier
490 0# - SERIES STATEMENT
Series statement Methods in molecular biology,
International Standard Serial Number 1064-3745 ;
Volume number/sequential designation 1296
490 0# - SERIES STATEMENT
Series statement Springer protocols
504 ## - BIBLIOGRAPHY, ETC. NOTE
Bibliography, etc Includes bibliographical references and index.
650 #7 - SUBJECT ADDED ENTRY--TOPICAL TERM
Topical term or geographic name as entry element Non-coding RNA
Form subdivision Laboratory manuals.
Source of heading or term BUEsh
651 ## - SUBJECT ADDED ENTRY--GEOGRAPHIC NAME
Source of heading or term BUEsh
653 ## - INDEX TERM--UNCONTROLLED
Resource For college Engineering, General
Arrived date list December2016
655 ## - INDEX TERM--GENRE/FORM
Form subdivision Reading book
700 1# - ADDED ENTRY--PERSONAL NAME
Personal name Rederstorff, Mathieu,
Relator term editor.
942 ## - ADDED ENTRY ELEMENTS (KOHA)
Source of classification or shelving scheme Dewey Decimal Classification
Koha item type Book - Borrowing
Holdings
Withdrawn status Lost status Source of classification or shelving scheme Damaged status Not for loan Collection code Home library Current library Shelving location Date acquired Source of acquisition Cost, normal purchase price Serial Enumeration / chronology Total Checkouts Full call number Barcode Date last seen Cost, replacement price Price effective from Koha item type
    Dewey Decimal Classification     Alahram Central Library Central Library First floor 07/12/2016 Purchase 893.00 116   572.88 SMA 000040328 15/07/2025 1116.25 07/12/2016 Book - Borrowing